Представление документа в формате RUSMARC

ПолеНазваниеЗначение
  Тип записи a
  Библиографический уровень m
001 Контрольный номер SKBR/5be125cf-3abc-4adb-8d8e-cde60a30e0c2
005 Дата корректировки 20241126123518.0
010 Индекс ISBN __
a ISBN 978-5-93437-459-5
9 Тираж 1500 экз.
b Уточнения в пер.
d Цена 582-08
021 № государственной регистрации __
a Код страны RU
b № документа 2022-55111
035 Другие системные номера __
a Идентификатор записи (RuMoRGB)011181987
035 Другие системные номера __
a Идентификатор записи RU\NLR\BIBL_A\012905313
100 Данные общей обработки __
a Данные общей обработки 20221010d2022 cd y0rusy028902 ca
101 Язык документа 0_
a Язык текста rus
102 Страна публикации __
a Страна публикации RU
105 Кодированные данные (монография) __
a Кодированные данные (монография) ac z 000yd
181 Поле кодированных данных: вид содержания _0
a Код вида содержания (ISBD) i
182 Поле кодированных данных: тип средства _0
a Код типа средства (ISBD) n
200 Заглавие и сведения об ответственности 1_
a Заглавие Детям о русских композиторах
f Первые сведения об ответственности Н. А. Гурьева
g Последующие сведения об ответственности рисунки Е. П. Кузнецовой
203 Вид содержания и тип средства __
a Вид содержания Текст
c Тип средства непосредственный
210 Выходные данные 1_
a Место издания Санкт-Петербург
c Издательство Паритет
d Дата издания 2022
215 Физическое описание __
a Объем 79, [1] с.
c Иллюстрации/тип воспроизводства цв. ил., портр.
d Формат 26 см
330 Аннотация __
a Аннотация Книга знакомит с жизнью и творчеством великих русских композиторов. Музыка М. И. Глинки, А. С. Даргомыжского, А. П. Бородина, М. П. Мусоргского, П. И. Чайковского, Н. А. Римского-Корсакова, С. В. Рахманинова, И. Ф. Стравинского, С. С. Прокофьева, Д. Д. Шостаковича звучит в оперных театрах, концертных залах, филармониях и доставляет слушателям художественное наслаждение. Книга адресована детям, их родителям и педагогам, работающим с детьми.
600 Персоналии _1
2 Код системы nlr_sh
a Персоналии (Фамилия) Глинка
b Персоналии (Имя) М. И.
g Полное имя Михаил Иванович
f Даты 1804-1857
600 Персоналии _1
2 Код системы nlr_sh
a Персоналии (Фамилия) Даргомыжский
b Персоналии (Имя) А. С.
g Полное имя Александр Сергеевич
f Даты 1813-1869
600 Персоналии _1
2 Код системы nlr_sh
a Персоналии (Фамилия) Бородин
b Персоналии (Имя) А. П.
g Полное имя Александр Порфирьевич
f Даты 1833-1887
600 Персоналии _1
2 Код системы nlr_sh
a Персоналии (Фамилия) Мусоргский
b Персоналии (Имя) М. П.
g Полное имя Модест Петрович
f Даты 1839-1881
600 Персоналии _1
2 Код системы nlr_sh
a Персоналии (Фамилия) Чайковский
b Персоналии (Имя) П. И.
g Полное имя Петр Ильич
f Даты 1840-1893
606 Тематические рубрики 1_
a Основная рубрика Музыка и зрелищные искусства
2 Код системы nlr_sh
606 Тематические рубрики __
2 Код системы nlr_sh
a Основная рубрика История музыки
610 Ключевые слова 0_
a Ключевые слова детская литература
610 Ключевые слова 0_
a Ключевые слова русская литература
610 Ключевые слова 0_
a Ключевые слова биографические сведения
610 Ключевые слова 0_
a Ключевые слова биографии
610 Ключевые слова 0_
a Ключевые слова развивающая литература
610 Ключевые слова 0_
a Ключевые слова познавательная литература
610 Ключевые слова 0_
a Ключевые слова русские композиторы
610 Ключевые слова 0_
a Ключевые слова композиторы
610 Ключевые слова 0_
a Ключевые слова музыка
610 Ключевые слова 0_
a Ключевые слова музыканты
610 Ключевые слова 0_
a Ключевые слова классическая музыка
610 Ключевые слова 0_
a Ключевые слова персоналии
610 Ключевые слова 0_
a Ключевые слова персоналии композиторов
686 Индексы других классификаций __
a Классификационный индекс ст85.313(2)
2 Код системы rubbks
700 Автор _1
a Фамилия Гурьева
b Имя Н. А.
g Полное личное имя Нина Александровна
4 Код отношения 070
702 Вторичная интеллектуальная ответственность _1
a Фамилия Кузнецова
b Имя Е. П.
g Полное личное имя Екатерина Петровна
4 Код отношения 440
801 Источник записи _0
a Страна RU
b Организация NLR
c Дата составления 20221010
g Правила каталогизации PSBO
801 Источник записи _1
a Страна RU
b Организация NLR
c Дата составления 20221010
g Правила каталогизации PSBO
801 Источник записи _2
a Страна RU
b Организация NLR
c Дата составления 20230101
2 Код формата rusmarc
g Правила каталогизации PSBO
852 Данные о местонахождении __
i Авторский знак Г 95
j Шифр хранения ст85.313(2)
900 Макрообъекты __
a Макрообъекты Детям о русских композиторах. Гурьева, Н., 2022
901 Тип документа __
a Ответственный ООФиК/Волкова
t Тип документа m
903 Характеристики (МАРС) __
a Дата передачи 20240906
c Наименование библиотеки (МАРС) Муниципальное бюджетное учреждение культуры "Централизованная библиотечная система" г. Сургут (Центральная городская библиотека им. А. С. Пушкина)
969 Тип издания __
a Тип издания издание для детей
990 Данные о заказе (DOS) __
j Количество экземпляров (DOS) 5
t N записи в КСУ для И/У (DOS) 202411